Lojalita - peniaze, alebo vernosť

Smerovanie vývoja v oblasti komunikácie k presne cielenej komunikácii so správnym zákazníkom. Budovanie lojality. Udržanie vernosti zákazníka. Wundermanove pravidlá budovania lojality. Prípadová štúdia. Typy zákazníckych dát.

Na minha lista:
Detalhes bibliográficos
Autor principal: Janáková, Katarína
Formato: Capítulo de Livro
Idioma:eslovaco
Assuntos:
Tags: Adicionar Tag
Sem tags, seja o primeiro a adicionar uma tag!

MARC

LEADER 00000naa a2200000 4500
001 r042876
005 20231003075344.5
041 0 |a slo 
044 |a SK 
245 1 0 |a Lojalita - peniaze, alebo vernosť  |c Katarína Janáková 
520 |a Smerovanie vývoja v oblasti komunikácie k presne cielenej komunikácii so správnym zákazníkom. Budovanie lojality. Udržanie vernosti zákazníka. Wundermanove pravidlá budovania lojality. Prípadová štúdia. Typy zákazníckych dát. 
610 2 0 |a zákazníci 
610 2 0 |a lojálnosť zákazníkov 
610 2 0 |a komunikácia marketingová 
610 2 0 |a získavanie informácií 
100 1 |a Janáková, Katarína